Las relaciones entre la compraventa, la permuta y la lesión enorme: del derecho romano al código civil de Chile

-д хадгалсан:
Номзүйн дэлгэрэнгүй
Үндсэн зохиолч: Guzmán Brito, Alejandro Ángel (autor)
Формат: Ном
Хэл сонгох:испани
Хэвлэсэн: Santiago Instituto de Historia del Derecho Juan de Solórzano y Pereyra 1999
Нөхцлүүд:
Шошгууд: Шошго нэмэх
Шошго байхгүй, Энэхүү баримтыг шошголох эхний хүн болох!

MARC

LEADER 00000nam a2200000 a 4500
001 UCM9710
003 CL-VaPUC
008 030509e19990000CL |||||||||||||||||spa|d
082 0 4 |a 346.02  |b GUZ  |2 21 
100 |a Guzmán Brito, Alejandro Ángel  |e autor  |9 388 
245 1 4 |a Las relaciones entre la compraventa, la permuta y la lesión enorme: del derecho romano al código civil de Chile 
300 |a 64 p 
942 |c BK 
945 |d 20030509 00:00:00  |a cmena 
260 |a Santiago  |b Instituto de Historia del Derecho Juan de Solórzano y Pereyra  |c 1999 
500 |a Separata de: Revista de historia del derecho privado, N§2, 1999 
650 0 |a Derecho privado  |9 258243 
650 0 |a Derecho romano  |9 255930 
650 0 |a Derecho civil chileno  |9 320612 
650 0 |a Historia del derecho  |9 255109 
650 0 |a Contratos  |9 255153 
583 |a last modification  |c 20030509 00:00:00  |k Rodrigo Vera 
999 |c 303851  |d 303849 
952 |0 0  |1 0  |2 ddc  |4 0  |6 346_020000000000000_GUZ_1999  |7 0  |8 A  |9 365426  |a BIBDER  |b BIBDER  |d 2019-11-21  |i 3902951  |l 1  |o 346.02 GUZ 1999  |p 3902951  |r 2023-01-25  |s 2022-08-17  |w 2019-11-21  |y MX  |k DER